| 000 | 00634nam a22001337a 4500 | ||
|---|---|---|---|
| 040 | _cRUA | ||
| 082 | _aAGR UN 2010 B046 Or.1 | ||
| 100 | _aUN, SOPHEA | ||
| 245 | _aControl of flea beetle on chinese kale at royal university of agriculture វិធានការរបង្កាសត្វទៀកគួនៅលើដំណាំខាត់ណាដើមនៅសាកលវិទ្យាល័យភូមិន្ទកសិកម្ម | ||
| 260 |
_aPhnom Penh _bRUA _c2010 |
||
| 300 |
_axi, 50p. _bill. _c29cm. |
||
| 856 | _uhttps://drive.google.com/file/d/1VbyiZCz2ooteNMXa0bGqQcPfDs8vF1JX/view?usp=sharing | ||
| 942 | _cAGR | ||
| 999 |
_c1160 _d1160 |
||